000 00858nam a2200229 i 4500
001 128998
003 ES-MaACL
005 20230906193422.0
007 t|
008 070601s1967 mx ||||1| spa d
080 _a860(72)-2"1964"
245 0 0 _aTeatro mexicano
_b: 1964 /
_cselección, prólogo y apéndice de Antonio Magaña Esquivel.
260 _aMéxico :
_bAguilar,
_c1967.
300 _a302 p. :
_bil. ;
_c21 cm.
505 8 _aEl medio pelo / Antonio González Caballero.-- Olímpica / Héctor Azar.-- Un país feliz / Maruxa Vilalta.-- El hombre y su máscara / Margarita Urueta
700 1 _aMagaña Esquivel, Antonio.
_975446
700 1 _aGonzález Caballero, Antonio.
_958476
700 1 _aAzar, Héctor.
_924230
700 1 _aVilalta, Maruxa.
_9114767
700 1 _aUrueta, Margarita.
_9112275
852 _aES-MaACL
_jC-56378
_bR.89106
999 _c128998
_d128998